000 00936nam a22002177a 4500
003 OSt
005 20130531134244.0
008 130531s2000 sp ||||| |||| 00| 0 spa d
020 _a8484090647
040 _cCDMR
100 1 _91879
_aRoy, Joaquín
245 1 0 _aPeriodismo y ensayo
_b: de Colón al "Boom" : aspectos teóricos y prácticos de una relación intergenérica [...]
_cJoaquín Roy
260 _aLleida
_bEdicions de la Universitat de Lleida
_cDL 2000
300 _a193 p.
490 0 _aEnsayos / Scriptura
_v10
500 _aTítol complet - Periodismo y ensayo: de Colón al "Boom". Aspectos teóricos y prácticos de una relación intergenérica. Cartas y crónicas. José Martí, Octavio Paz, Camilo José Cela, Mario Vargas Llosa, Carlos Fuentes.
650 0 4 _93088
_aPeriodisme i literatura
_vRecull d'escrits
650 0 4 _93625
_aDiaris
_vSeccions, columnes, etc
_xOpinió
650 0 4 _93628
_aAssaig
942 _2udc
_cMON
999 _c6381
_d6381